Представление документа в формате MARC21

Поле Инд. ПП Название Значение
Тип записи a
Библиографический уровень m
001 Контрольный номер 11228279-df50-47ae-aecf-45f322c9f5c4
005 Дата корректировки 20170412105400.4
008 Кодируемые данные 081105
020 a ISBN 978-5-382-00267-5
c Цена, тираж 65.00
040 a Служба первич. каталог. НБ ТвГУ
041 0_ a Код языка текста rus
080 a Индекс УДК 332.1
084 a Индекс другой классификации/Индекс ББК У04
a Индекс другой классификации/Индекс ББК У050.22
090 x Авторский знак К 89
a Полочн. индекс У04
100 1_ a Автор Кузнецова Ольга Владимировна
245 00 a Заглавие Экономическое развитие регионов: теоретические и практические аспекты государственного регулирования
250 a Основные сведения об издании Изд. 4-е
260 0_ a Место издания Москва
b Издательство URSS
b Издательство ЛКИ
c Дата издания 2007
300 a Объем 302 c.
b Иллюстрации/ тип воспроизводства ил., табл.
504 a Библиография Библиогр.: с. 274-302 (516 назв.) и в подстроч. примеч.
583 a Действие Получение впервые 263 01.11.2008
k Исполнитель действия Дар Ткаченко А.А.
650 04 a Основная рубрика Региональная экономика
x Основная подрубрика Государственное регулирование
x Основная подрубрика Управление
653 0_ a Ключевые слова Региональная экономика
a Ключевые слова Государственное регулирование экономики
a Ключевые слова Региональная экономическая политика
852 41 t Порядковый номер экземпляра 1
p Инвентарный номер 920538
863 t 00189898
888 a Бесплатные
901 t Тип документа m
952 p 260.2008 65.00 1 920538
c Вид литературы К рн
954 a Дата поступления на обработку 20090129
999 a Подразделение 2 Фил4